00461 2200169 4500001002100000008004100021020002200062035002000084082000800104084001400112100001700126245006400143260004200207300002100249650001000270990001100280INLIS000000000001205 Ind  a978-602-0935-54-6 a0010-0226001205 a200 a200 AMI z aSyukur, Amin aZikir menyembuhkan kankercProf. Dr. H.M. Amin Syukur, M.A. aJakarta :bEmir Cakrawala Islamc2016 a146 hlm.c21 cm. aAgama aP/3790